Diccionario de marcadores discursivos para estudiantes de español como segunda lengua
Uloženo v:
| Hlavní autor: | |
|---|---|
| Médium: | Kniha |
| Jazyk: | španělština |
| Vydáno: |
Nueva York
Peter Lang
2017
|
| Vydání: | 1a. ed |
| Témata: | |
| Tagy: |
Přidat tag
Žádné tagy, Buďte první, kdo vytvoří štítek k tomuto záznamu!
|
MARC
| LEADER | 00000cam a2200000 a 4500 | ||
|---|---|---|---|
| 001 | UCC4223 | ||
| 003 | CL-VaPUC | ||
| 008 | 180720e20170000us |||||||||||||||||spa|d | ||
| 020 | |a 9781433137112 | ||
| 082 | 0 | 4 | |a 401.41 |b HOL |2 21 |
| 100 | 0 | |a Holgado Lage, Anais |e author |9 598375 | |
| 245 | 1 | 0 | |a Diccionario de marcadores discursivos para estudiantes de español como segunda lengua |
| 250 | |a 1a. ed | ||
| 300 | |a 318 p | ||
| 942 | |c BK | ||
| 945 | |d 20180720 14:27:00 |a dcastane | ||
| 260 | |a Nueva York |b Peter Lang |c 2017 | ||
| 650 | 0 | |a Análisis del discurso |9 256696 | |
| 650 | 0 | |a Diccionarios |9 256200 | |
| 650 | 0 | |a Idioma español |9 309143 | |
| 583 | |a last modification |c 20180720 14:27:00 |k Rodrigo Vera | ||
| 999 | |c 371776 |d 371774 | ||
| 952 | |0 0 |1 0 |3 erd |4 0 |6 401_410000000000000_HOL_2017 |7 0 |8 A |9 488965 |a FDOPOS |b FDOPOS |i 5482364 |o 401.41 HOL 2017 |p 5482364 |r 2025-01-22 |w 2019-11-24 |y BK |z Catalogado en:20180720 |k MLA | ||